Georges by Picture - Statistics

General Stats
  • This quiz has been taken 50 times
  • The average score is 18 of 28
Answer Stats
Picture Answer % Correct
George W. Bush
100%
George H.W. Bush
98%
George Washington
98%
George Clooney
95%
George Harrison
95%
George Lucas
95%
George Michael
93%
George Foreman
90%
George Armstrong Custer
74%
George of the Jungle
71%
Curious George
69%
George III
69%
George S. Patton
69%
George Jetson
67%
Saint George
64%
George Takei
60%
George Floyd
57%
George Lopez
50%
George R.R. Martin
50%
George Carlin
45%
George VI
45%
George Best
43%
George Strait
38%
George Washington Carver
36%
George Santos
24%
George C. Scott
21%
George Wallace
21%
George Soros
12%
No matching quizzes found
Score Distribution
Percent of People with Each Score
Percentile by Number Answered
Your Score History
You have not taken this quiz